Modification of Marshall method compactive effort criterion for designing rut resistant bituminous mixes in Pakistan. (Record no. 551450)
[ view plain ]
| 000 -LEADER | |
|---|---|
| fixed length control field | 00521nam a22001577a 4500 |
| 082 ## - DEWEY DECIMAL CLASSIFICATION NUMBER | |
| Classification number | T-147 |
| 100 ## - MAIN ENTRY--PERSONAL NAME | |
| Personal name | Ghulam Kabeer Khan Niazi, Major. |
| 9 (RLIN) | 48550 |
| 245 ## - TITLE STATEMENT | |
| Title | Modification of Marshall method compactive effort criterion for designing rut resistant bituminous mixes in Pakistan. |
| Statement of responsibility, etc. | Ghulam Kabeer Khan Niazi, Major. |
| 260 ## - PUBLICATION, DISTRIBUTION, ETC. | |
| Place of publication, distribution, etc. | Risalpur. |
| Name of publisher, distributor, etc. | MCE |
| 300 ## - PHYSICAL DESCRIPTION | |
| Extent | p 111.: |
| 526 ## - STUDY PROGRAM INFORMATION NOTE | |
| Program name | 0 |
| Interest level | 0 |
| Reading level | 0 |
| Title point value | T_147 |
| 650 ## - SUBJECT ADDED ENTRY--TOPICAL TERM | |
| Topical term or geographic name entry element | MSc in CE |
| 9 (RLIN) | 48551 |
| 650 ## - SUBJECT ADDED ENTRY--TOPICAL TERM | |
| Topical term or geographic name entry element | Thesis |
| 9 (RLIN) | 34811 |
| 700 ## - ADDED ENTRY--PERSONAL NAME | |
| Personal name | Dr Zafar Iqbal Raja. |
| 9 (RLIN) | 48552 |
| 942 ## - ADDED ENTRY ELEMENTS (KOHA) | |
| Source of classification or shelving scheme | |
| Koha item type | Book |
| Withdrawn status | Lost status | Source of classification or shelving scheme | Damaged status | Not for loan | Permanent Location | Current Location | Date acquired | Total Checkouts | Full call number | Barcode | Date last seen | Price effective from | Koha item type | Public note |
|---|---|---|---|---|---|---|---|---|---|---|---|---|---|---|
| Military College of Engineering (MCE) | Military College of Engineering (MCE) | 12/15/2014 | T-147 | MCE-T-147 | 12/15/2014 | 12/15/2014 | Book | Thesis |
